|
|
|
|
| LEADER |
00000nab a2200000 4500 |
| 008 |
150518b1998 cl ||||| |||| 00| 0 spa d |
| 999 |
|
|
|c 2572
|d 2572
|
| 090 |
|
|
|a REVIS 15.04.04
|
| 100 |
1 |
|
|9 66
|a Gómez, Adriana
|
| 245 |
1 |
0 |
|a Dos voces latinoamericanas hablan por y para las mujeres /
|c Entrevistas realizadas por Adriana Gómez
|
| 260 |
|
|
|a Chile :
|b Red de Salud de las mujeres latinoamericanas y del caribe,
|c 1998
|
| 300 |
|
|
|a páginas 3-12
|
| 600 |
|
0 |
|9 2371
|a HIERRO, GRACIELA
|
| 600 |
|
0 |
|9 2372
|a SOLÍS, DORIS
|
| 650 |
1 |
4 |
|9 55
|a MUJERES
|
| 650 |
1 |
4 |
|9 81
|a ENTREVISTAS
|
| 773 |
0 |
|
|d Chile : Red de Salud de las Mujeres Lationamericanas 1997-
|o R0031
|t Revista Mujer Salud
|x 0716-8381
|g No.3 (julio-setiembre, 1998)
|
| 942 |
|
|
|h REVIS 15.04.04
|2 z
|c 10
|